000 00659nam a2200229Ia 4500
003 OSt
005 20220925210904.0
006 a|||||r|||| 00| 0
007 ta
008 220923b |||||||| |||| 00| 0 eng d
037 _cGeneral Book
040 _aRTL
_cRTL
_beng
041 _2eng
_aeng
082 _aV28243.L51<--A, L6
100 _aSomani Ram Vallabh
245 0 _aHistory of Mewar
_b From earliest time to 1751 A D
260 _aJaipur
_bKitab Mahal
_c1976
300 _a360p
_ccm.
650 _aHistory of Delhi
_9230102
942 _hV28243.L51<--A, L6
_cGB
_2CC
999 _c556174
_d556174